Fiestas de muertos en México /

Compilación de documentos audiovisuales sobre las celebraciones de Día de Muertos en México, integrada por los siguientes trabajos: una síntesis de Animecha kejtsïtacua: ofrenda para los muertos (12 minutos, 1998), realización de los videoastas Ricardo Braojos y Philip Rodríguez en torno a los ritos...

Fuld beskrivelse

Guardado en:
Bibliografiske detaljer
Andre forfattere: Braojos, Ricardo (realización) (realización), Rodríguez, Phillip (realización) (realización), Levín, Isaac (guión) (guión), Fuentes, Alma (investigación) (investigación), Llaca, Esteban de (fotógrafo) (fotógrafo), Acuña, Fernando (fotógrafo) (fotógrafo), Ortega, Rafael (fotógrafo) (fotógrafo), Giacomán, Alejandro (música) (música), Murguía, Ana Ofelia (conducción) (conducción), Carrión, Olivia (realización) (realización), Esma Bazán, Jorge (realización) (realización), Esma Bazán, Jorge (guión) (guión), Bravo, Oscar (fotógrafo) (fotógrafo)
Format: Slide
Sprog:spansk
Serier:(Ciudades del México Antiguo)
Fag:
Tags: Tilføj Tag
Ingen Tags, Vær først til at tagge denne postø!

MARC

LEADER 00000ngm^a2200000^a^4500
001 000187435
005 20250521000000.0
009 20260310102301.659
037 |a Acervo ITESO - Biblioteca 
041 |a ESP 
082 |a 393. 50972  |b FIE 
240 1 1 |a [Animecha kejtsïtacua: ofrenda para los muertos] 
245 0 0 |a Fiestas de muertos en México /  |c Realización de R. Braojos... [et al.]. 
264 |a Pátzcuaro, México :  |b Bramaro Films ;  |a México :  |b Instituto Nacional Indigenista,  |c 1973-1998 
264 |a México :  |b C/Producciones [distribución],  |c copyright fecha no identificada 
300 |a 1 DVD multirregión  |c (12, 25, 29 min.) 
336 |a imagen móvil bidimensional  |b tdi  |2 rdacontenido 
337 |a video  |b v  |2 rdamedio 
338 |a videodisco  |b vd  |2 rdasoporte 
440 1 |a (Ciudades del México Antiguo) 
520 |a Compilación de documentos audiovisuales sobre las celebraciones de Día de Muertos en México, integrada por los siguientes trabajos: una síntesis de Animecha kejtsïtacua: ofrenda para los muertos (12 minutos, 1998), realización de los videoastas Ricardo Braojos y Philip Rodríguez en torno a los ritos que se mantienen en la ribera del lago de Pátzcuaro, cuya versión íntegra está disponible en formato VHS en el Fondo de Material Audiovisual de la Biblioteca del ITESO; en Xantolo, fiesta de la muerte, fiesta de todos los santos (25 minutos, 1973), una realización del Grupo Cine Labor (Olivia Carrión, Epigmenio Ibarra, Gonzalo Infante y Scott Robinson) para el Instituto Nacional Indigenista (INI), son expuestas las relaciones entre el ciclo de producción agrícola y estas festividades en la localidad nahua de Alahualtitla, perteneciente al municipio de Chicontepec, Veracruz y situada en la región de la Huasteca; por último, Hanal Pixán: Día de Muertos en Yucatán (29 minutos) es una producción en video realizada por el político príista yucateco Jorge Esma Bazán acerca del contenido descrito en su título. 
649 |a XX 
650 |a Tarascos -  |x Condiciones Sociales y Culturales 
650 |a Tarascos -  |x Historia 
650 |a Nahuas -  |x Condiciones Sociales y Culturales 
650 |a Mayas -  |x Condiciones Sociales y Culturales 
650 |a Indígenas de México -  |z Pátzcuaro, Michoacán -  |x Condiciones Sociales y Culturales 
650 |a Indígenas de México -  |z Pátzcuaro, Michoacán -  |x Historia 
650 |a Indígenas de México -  |z Alahualtitla, Veracruz -  |x Condiciones Sociales y Culturales 
650 |a Indígenas de México -  |z Chicontepec, Veracruz -  |x Condiciones Sociales y Culturales 
650 |a Indígenas de México -  |z Yucatán -  |x Condiciones Sociales y Culturales 
650 |a Indígenas de México -  |x Condiciones Sociales y Culturales 
650 |a Día de Muertos -  |z México -  |x Tema Principal 
650 |a Ritos Funerarios -  |z Pátzcuaro (Lago) 
650 |a Ritos Funerarios -  |z Michoacán 
650 |a Ritos Funerarios -  |z Alahualtitla, Veracruz 
650 |a Ritos Funerarios -  |z Chicontepec, Veracruz 
650 |a Ritos Funerarios -  |z Huasteca 
650 |a Ritos Funerarios -  |z Yucatán 
650 |a Ritos Funerarios -  |z México 
650 |a Muerte (En Religión, Folklore, etc.) -  |z Pátzcuaro (Lago) 
650 |a Muerte (En Religión, Folklore, etc.) -  |z Michoacán 
650 |a Muerte (En Religión, Folklore, etc.) -  |z Alahualtitla, Veracruz 
650 |a Muerte (En Religión, Folklore, etc.) -  |z Chicontepec, Veracruz 
650 |a Muerte (En Religión, Folklore, etc.) -  |z Huasteca 
650 |a Muerte (En Religión, Folklore, etc.) -  |z Yucatán 
650 |a Muerte (En Religión, Folklore, etc.) -  |z México 
650 |a Ritos Religiosos -  |z Pátzcuaro (Lago) 
650 |a Ritos Religiosos -  |z Pátzcuaro, Michoacán 
650 |a Ritos Religiosos -  |z Alahualtitla, Veracruz 
650 |a Ritos Religiosos -  |z Chicontepec, Veracruz 
650 |a Ritos Religiosos -  |z Huasteca 
650 |a Ritos Religiosos -  |z Yucatán 
650 |a Ritos Religiosos -  |z México 
650 |a Fiestas Religiosas -  |z Pátzcuaro (Lago) 
650 |a Fiestas Religiosas -  |z Michoacán 
650 |a Fiestas Religiosas -  |z Alahualtitla, Veracruz 
650 |a Fiestas Religiosas -  |z Chicontepec, Veracruz 
650 |a Fiestas Religiosas -  |z Huasteca 
650 |a Fiestas Religiosas -  |z Yucatán 
650 |a Fiestas Religiosas -  |z México 
650 |a Religión -  |z Pátzcuaro (Lago) 
650 |a Religión -  |z Michoacán 
650 |a Religión -  |z Alahualtitla, Veracruz 
650 |a Religión -  |z Chicontepec, Veracruz 
650 |a Religión -  |z Huasteca 
650 |a Religión -  |z Yucatán 
650 |a Religión -  |z México 
650 |a Ritos Agrícolas -  |z Alahualtitla, Veracruz 
650 |a Ritos Agrícolas -  |z Chicontepec, Veracruz 
650 |a Ritos Agrícolas -  |z Huasteca 
650 |a Ritos Agrícolas -  |z México 
650 |a Maíz -  |z Alahualtitla, Veracruz -  |x Aspectos Sociales y Culturales 
650 |a Maíz -  |z Chicontepec, Veracruz -  |x Aspectos Sociales y Culturales 
650 |a Maíz -  |z México -  |x Aspectos Sociales y Culturales 
650 |a Prácticas Culturales -  |z Pátzcuaro (Lago) 
650 |a Prácticas Culturales -  |z Michoacán 
650 |a Prácticas Culturales -  |z Alahualtitla, Veracruz 
650 |a Prácticas Culturales -  |z Chicontepec, Veracruz 
650 |a Prácticas Culturales -  |z Huasteca 
650 |a Prácticas Culturales -  |z Yucatán 
650 |a Prácticas Culturales -  |z México 
650 |a Cultura Popular -  |z Pátzcuaro (Lago) 
650 |a Cultura Popular -  |z Michoacán 
650 |a Cultura Popular -  |z Alahualtitla, Veracruz 
650 |a Cultura Popular -  |z Chicontepec, Veracruz 
650 |a Cultura Popular -  |z Huasteca 
650 |a Cultura Popular -  |z Yucatán 
650 |a Cultura Popular -  |z México 
650 |a Michoacán -  |x Condiciones Sociales y Culturales 
650 |a Alahualtitla, Veracruz -  |x Condiciones Sociales y Culturales 
650 |a Chicontepec, Veracruz -  |x Condiciones Sociales y Culturales 
650 |a Huasteca -  |x Condiciones Sociales y Culturales 
650 |a Yucatán -  |x Condiciones Sociales y Culturales 
650 |a México -  |x Condiciones Sociales y Culturales 
650 |a Sociología de la Religión 
650 |a Sociología de la Economía 
650 |a Sociología de la Cultura 
650 |a Antropología Cultural 
740 0 |a Animecha kejtsïtacua :  |b ofrenda para los muertos : [síntesis] /  |c Realización de R. Braojos, P. Rodríguez. 
740 0 |a Xantolo, fiesta de la muerte, fiesta de todos los santos /  |c Realización de O. Carrión... [et al.]. 
740 0 |a Hanal Pixán :  |b Día de Muertos en Yucatán /  |c Realización de J. Esma Bazán. 
700 |a Braojos, Ricardo  |e (realización) 
700 |a Rodríguez, Phillip  |e (realización) 
700 |a Levín, Isaac  |e (guión) 
700 |a Fuentes, Alma  |e (investigación) 
700 |a Llaca, Esteban de  |e (fotógrafo) 
700 |a Acuña, Fernando  |e (fotógrafo) 
700 |a Ortega, Rafael  |e (fotógrafo) 
700 |a Giacomán, Alejandro  |e (música) 
700 |a Murguía, Ana Ofelia  |e (conducción) 
700 |a Carrión, Olivia  |e (realización) 
700 |a Esma Bazán, Jorge  |e (realización) 
700 |a Esma Bazán, Jorge  |e (guión) 
700 |a Bravo, Oscar  |e (fotógrafo) 
910 |a Fondo General 
920 |a Audiovisuales - DVDs 
905 |a 302 
901 |a 0500089305  |b IT2  |c DVS  |u 20250521 
902 |a https://opac.biblio.iteso.mx/vufind/Record/000187435